000 00568cam a2200157 4500500
005 20251228091031.0
041 _afre
042 _adc
100 1 0 _aCoutel, Charles
_eauthor
700 1 0 _aFaguer, Nicolas
_eauthor
245 0 0 _aCharles Péguy, défense et illustration de L’École républicaine
260 _c2023.
500 _a21
786 0 _nBulletin de l’Amitié Charles Péguy | 178 | 2 | 2023-05-07 | p. 139-143 | 0180-8567
856 4 1 _uhttps://shs.cairn.info/revue-bulletin-de-lamitie-charles-peguy-2023-2-page-139?lang=fr&redirect-ssocas=7080
999 _c1602972
_d1602972